ბათუმის შოთა რუსთაველის სახელმწიფო უნივერსიტეტის ბიბლიოთეკა

ქართველოლოგიური ეტიუდები.წიგნი:1 (ბიბ.ჩანაწერი № 43130)

000 -LEADER
fixed length control field 00858nam a2200241Ia 4500
001 - CONTROL NUMBER
control field 9851
003 - CONTROL NUMBER IDENTIFIER
control field GE_BSU
008 - FIXED-LENGTH DATA ELEMENTS--GENERAL INFORMATION
fixed length control field 181216s||||||||xx |||||||||||||| ||und||
020 ## - INTERNATIONAL STANDARD BOOK NUMBER
International Standard Book Number 9789941417160
040 ## - CATALOGING SOURCE
Transcribing agency GE_BSU
080 ## - UNIVERSAL DECIMAL CLASSIFICATION NUMBER
Universal Decimal Classification number 821.353.1.09
100 ## - MAIN ENTRY--PERSONAL NAME
Personal name ნიკოლეიშვილი,ავთანდილ
245 ## - TITLE STATEMENT
Title ქართველოლოგიური ეტიუდები.წიგნი:1
245 ## - TITLE STATEMENT
Statement of responsibility, etc. რედ:ნოდარ ტაბიძე;მხატვ:.ჯავა ჭეიშვილი
260 ## - PUBLICATION, DISTRIBUTION, ETC.
Place of publication, distribution, etc. ქუთაისი
260 ## - PUBLICATION, DISTRIBUTION, ETC.
Name of publisher, distributor, etc. ქუთაისის უნ-ტის გამ-ბა
260 ## - PUBLICATION, DISTRIBUTION, ETC.
Date of publication, distribution, etc. 2010.
300 ## - PHYSICAL DESCRIPTION
Extent 548გვ;21სმ
653 ## - INDEX TERM--UNCONTROLLED
Uncontrolled term ქართველოლოგიური ეტიუდები
653 ## - INDEX TERM--UNCONTROLLED
Uncontrolled term წიგნი:1
942 ## - ADDED ENTRY ELEMENTS (KOHA)
Koha item type წიგნი
ეგზემპლარები
Withdrawn status Lost status Damaged status Not for loan Date acquired Barcode Date last seen Price effective from Koha item type
        2018-12-17 33259 2018-12-17 2018-12-17 წიგნი
        2018-12-17 33260 2018-12-17 2018-12-17 წიგნი